000 00954nam a2200301Ia 4500
003 OSt
005 20221007122409.0
006 a|||||r|||| 00| 0
007 ta
008 221006b |||||||| |||| 00| 0 eng d
020 _a9788189938208 (pbk)
024 _a83202
037 _b1671, 05/01/2009, New India Book Agency
_cTextbook
040 _aPAPL
_cPAPL
_beng
041 _2eng
_aeng
082 _aC62:8N, P8;6 Carpa
100 _aFeynman Richard P
_9441988
245 0 _aQuantum electrodynamics
260 _aNew
_bDelhi Overseas Press India Private limited
_c2008
300 _ax, 198p.
_ccm.
490 _aAdvanced book classics
650 _a Light with matter
_9714212
650 _a Matrix elements
_9714213
650 _a Quantum electrodynamics
650 _aPhysics
942 _hC62:8N, P8;6 Carpa
_cTB
_2CC
999 _c1210276
_d1210276